Deer

Bibliographic Details
Main Author: Butterworth, Christine
Format: Book
Published: Oxford : Heinemann , 1990
Series:My world
Subjects:

MARC

LEADER 00000cam a2200000 7i4500
001 0000002591
002 000002818
005 20060206.0
020 |a 0431003181 
090 0 0 |a 030   |b WOR 
100 1 |a Butterworth, Christine 
245 1 0 |a Deer   |c Christine Butterworth 
260 |a Oxford :   |b Heinemann ,   |c 1990 
300 |a 32 p. :   |b ill. ;   |c 21 cm. 
490 0 |a My world 
650 0 0 |a Deer   |x Juvenile Literature 
999 |a 036285   |b BUKU   |c JUNIOR BOOKS   |e PERPUSTAKAAN KOMUNITI CAW KOTA DAMANSARA